| 000 | 00458nam a22001577a 4500 | ||
|---|---|---|---|
| 005 | 20250708125136.0 | ||
| 008 | 250708b |||||||| |||| 00| 0 eng d | ||
| 020 | _a978-1-4737-5900-8 | ||
| 100 | _aNECHYBA, THOMAS J. | ||
| 245 |
_aINTERMEDIATE MICROECONOMICS _bAN INTUITIVE APPROACH WITH CALCULUS |
||
| 260 |
_aHAMPSHIRE _bCENGAGE LEARNING EMEA _c2018, |
||
| 300 | _aXIV,994P. | ||
| 500 | _aINCLUDES INDEX, | ||
| 650 | _aMICROECONOMICS | ||
| 942 |
_2lcc _cBK |
||
| 999 |
_c215849 _d215849 |
||